Statistics for Countries by most populous neighbours #1

Click here to take the quiz!

General Stats

  • This quiz has been taken 17 times
  • The average score is 13 of 15

Answer Stats

CountryNeighbour% Correct
ChileArgentina
100%
BrazilColombia
100%
AndorraFrance
100%
United StatesMexico
100%
LiechtensteinAustria
94%
BangladeshIndia
94%
SwedenFinland
88%
UzbekistanKazakhstan
88%
ChadNigeria
88%
SerbiaRomania
88%
CambodiaVietnam
88%
HondurasGuatemala
75%
ArmeniaIran
69%
HungaryUkraine
69%
MalawiTanzania
63%

Score Distribution

Percentile by Number Answered

Percent of People with Each Score

Your Score History

You have not taken this quiz